Champions de Formule 2 - GP2 - Statistiques

Statistiques générales
  • Ce quiz a été pris 29 fois
  • Le résultat moyen est 13 sur 20
Statistiques - réponses
Année Nationalité Champion % Correct
2016 France Gasly
100%
2017 Monaco Leclerc
100%
2021 Australie Piastri
100%
2024 Brésil Bortoleto
96%
2023 France Pourchaire
96%
2018 Royaume-Uni Russell
96%
2019 Pays-Bas De Vries
88%
2020 Allemagne Schumacher
88%
2006 Royaume-Uni Hamilton
84%
2022 Brésil Drugovich
76%
2011 France Grosjean
76%
2005 Allemagne Rosberg
72%
2009 Allemagne Hulkenberg
64%
2010 Venezuela Maldonado
64%
2015 Belgique Vandoorne
60%
2014 Royaume-Uni Palmer
20%
2013 Suisse Leimer
8%
2007 Royaume-Uni Glock
4%
2012 Italie Valsecchi
4%
2008 Italie Pantano
0%
Aucun quiz correspondant
Distribution des résultats
% des personnes avec chaque résultat
Percentile par nombre de réponses
Votre historique - résultats
Vous n’avez pas pris ce quiz